| 000 | 00620nam a2200229Ia 4500 | ||
|---|---|---|---|
| 001 | 1092 | ||
| 003 | GE_BSU | ||
| 008 | 181216s||||||||xx |||||||||||||| ||und|| | ||
| 020 | _a9666373998 | ||
| 040 | _cGE_BSU | ||
| 080 | _a616(075.8) | ||
| 245 | _aКлиническая анатомия шеи | ||
| 245 | _bУчебное пособие для студ.и врачей-интернов | ||
| 260 | _aХарьков | ||
| 260 | _bФакт | ||
| 260 | _c2005 | ||
| 300 | _a276стр. | ||
| 541 | _h12л. | ||
| 653 | _aКлиническая анатомия шеи | ||
| 653 | _aмедицина | ||
| 942 | _cBK | ||
| 999 |
_c35245 _d35245 |
||